000 00659nam a22002053 4500
001 197481
010 _a972-25-1218-8
021 _b183325/02
090 _a197481
100 _a20250806d u||y0pory50 ba
200 _aA avaliaȯ̂ da empresa
_equanto vale uma empresa?
_fJean-Claude Tournier, Jean-Baptiste Tournier
_gtraduȯ̂ de Alexandra Costa
210 _aLisboa
_cBertrand Editora
_d2002
215 _a390 p.
_cbrochado
_d23 cm
606 _91108
_aGestô empresarial
675 _a658
_vPT
_zpor
700 _913528
_aTournier
_bJean-Claude
701 _913529
_aTournier
_bJean-Baptiste
801 _aPT
_bBMMN
_gRPC
830 _cFernando
_fFernando
990 _cLIVROS